LEADER 02868nam a2200433 a 4500 001 000000104788 003 CaOOAMICUS 005 20070503122432.0 008 070503s2006 fr m 100 u mul d 020 $a2-503-51818-4 (3 vol. set) 020 $a2-503-52487-7 (vol. I) 020 $a2-503-52488-5 (vol. II) 020 $a2-503-52489-3 (vol. III) 040 $aPUL$bita$dLDB 245 00$aIntellect et imagination dans la philosophie médiévale= Intellect and imagination in medioeval philosophy= Intelecto e imaginaçao na filosofia medieval: $bActes du XIe Congrès International de philosophie pour l'Étude de la philosophie médiévale (S.I.E.M.P.), Porto, du 26 au 31 août 2002 /$cédités par Maria Cândida Pacheco, José F. Meirinhos. 246 31$aIntellecto e imaginaçao na filosofia medieval 246 31$aIntellect and imagination in medieval philosophy 260 $aTurnholti :$bBrepols,$c2006. 300 $a3 voll. ;$c24 cm 500 $aContiene testi in francese, inglese, portoghese, spagnolo, italiano. 500 $aIn testa al front. :Société Internationale pour l'Étude de la philosophie medievale. 504 $aBibliografia in nota. 650 4$aFilosofia medievale$xCongressi.$0(OLS)http://pul/subject/11888 700 1 $aMeirinhos, José F.$0(OLS)http://pul/name/64382 700 1 $aPacheco, Maria Cândida.$0(OLS)http://pul/name/64381 710 2 $aSociété Internationale pour l'Étude de la philosophie medievale.$0(OLS)http://pul/name/64383 850 $aPUL 852 $aPUL$W1$xSL Filosofia 1$y2$m87 O 11,1$j117361$qStampati$B117309$CPULBib$Z2$F117309 $H102978 $82 852 $aPUL$W1$xSL Filosofia 1$y2$m87 O 11,2$j117362$qStampati$B117310$CPULBib$Z2$F117310 $H102982 $82 852 $aPUL$W1$xSL Filosofia 1$y2$m87 O 11,3$j117363$qStampati$B117311$CPULBib$Z2$F117311 $H102983 $82 941 1 $a8 996 $6020$a2-503-51818-4 (3 vol. set)$9(OLS)http://pul/number/134159 996 $6020$a2-503-52487-7 (vol. I)$9(OLS)http://pul/number/134160 996 $6020$a2-503-52488-5 (vol. II)$9(OLS)http://pul/number/134161 996 $6020$a2-503-52489-3 (vol. III)$9(OLS)http://pul/number/134162 996 $6246$aIntellecto e imaginaçao na filosofia medieval$9(OLS)http://pul/title/131805 996 $6245$aIntellect et imagination dans la philosophie médiévale= Intellect and imagination in medioeval philosophy= Intelecto e imaginaçao na filosofia medieval: $bActes du XIe Congrès International de philosophie pour l'Étude de la philosophie médiévale (S.I.E.M.P.), Porto, du 26 au 31 août 2002$9(OLS)http://pul/title/131803 996 $6246$aIntellect and imagination in medieval philosophy$9(OLS)http://pul/title/131804 996 $6260$aTurnholti :$bBrepols$9(OLS)http://pul/publisher/47842 LEADER 01411nam a2200301 a 4500 001 000000140033 003 CaOOAMICUS 005 20141007150201.0 008 141007s2002 it m 000 0 eng d 020 $a88-8333-049-8 040 $aPUL$bita 100 1 $aBalagapo, Erwin José A.,$csac.$0(OLS)http://pul/name/90296 245 10$aLack of internal freedom and its relations with simulation and force & fear /$cErwin Josè A. Balagapo. 260 $aRomae :$b[s.n.],$c2002. 300 $a434 p.$c24 cm 490 1 $aDissertationes.$aSeries canonica ;$v04 502 $aTesi di Dottorato in Diritto Canonico--Pontificia Universitas Sanctae Crucis, 2002. 504 $aBibliografia: p. [389]-425. 650 04$aMatrimonio (diritto processuale canonico).$0(OLS)http://pul/subject/36330 650 04$aMatrimonio canonico$xImpedimenti.$0(OLS)http://pul/subject/1357 710 2 $aPontificia Università della Santa Croce.$bFacoltà di diritto canonico.$kTesi.$0(OLS)http://pul/name/66397 850 $aPUL 852 $aPUL$W1$xDP1 Tesi Pon. Univ. S. Croce$y43$m2002 C 1$j127956$qTesi$B161207$CPULBib$Z2$F161207 $82 941 1 $a16 996 $6020$a88-8333-049-8$9(OLS)http://pul/number/156117 996 $6245$aLack of internal freedom and its relations with simulation and force & fear$9(OLS)http://pul/title/177270 996 $6260$aRomae :$b[s.n.]$9(OLS)http://pul/publisher/48223